Voluntary land registration (Record no. 78844)
[ view plain ]
| 000 -LEADER | |
|---|---|
| fixed length control field | 01143cab a22002055a 4500 |
| 001 - CONTROL NUMBER | |
| control field | L138384 |
| 008 - FIXED-LENGTH DATA ELEMENTS--GENERAL INFORMATION | |
| fixed length control field | 070601s2007 xxk f 000 0 eng d |
| 035 ## - SYSTEM CONTROL NUMBER | |
| System control number | (Sirsi) u138384 |
| 041 0# - LANGUAGE CODE | |
| Language code of text/sound track or separate title | eng |
| 100 1# - MAIN ENTRY--PERSONAL NAME | |
| Personal name | Kershaw, Charlotte |
| 245 00 - TITLE STATEMENT | |
| Title | Voluntary land registration |
| 260 ## - PUBLICATION, DISTRIBUTION, ETC. | |
| Date of publication, distribution, etc. | 2007 |
| 490 ## - SERIES STATEMENT | |
| Series statement | South East Farmer |
| Volume/sequential designation | May 2007, 40(1) |
| 520 ## - SUMMARY, ETC. | |
| Summary, etc. | Describes the state of land registration. The Land Registry has been in existence since 1862. Compulsory land registration is on the increase since the Land Registration Act 2002 came into force. Less than 60% of land is registered, but the government aims to increase this by 2012. More transactions now trigger compulsory registration. This benefits the owner with greater protection against adverse possession claims. E-conveyancing is also being rolled out, making the bureaucratic process more user friendly. The main prohibitive factor for landowners is still the cost involved. |
| 590 ## - LOCAL NOTE (RLIN) | |
| Local note | KA |
| 650 24 - SUBJECT ADDED ENTRY--TOPICAL TERM | |
| Topical term or geographic name entry element | LAND REGISTRATION ACT 2002 |
| 651 #4 - SUBJECT ADDED ENTRY--GEOGRAPHIC NAME | |
| Geographic name | England and Wales |
| Chronological subdivision | 1543- |
| 690 ## - LOCAL SUBJECT ADDED ENTRY--TOPICAL TERM (OCLC, RLIN) | |
| Topical term or geographic name as entry element | PROPERTY-RURAL AND NATURAL ASSETS-AGRICULTURAL PROPERTY-AGRICULTURAL LAND |
| 942 ## - ADDED ENTRY ELEMENTS (KOHA) | |
| Suppress in OPAC | 0 |
| Withdrawn status | Lost status | Source of classification or shelving scheme | Damaged status | Not for loan | Home library | Current library | Shelving location | Date acquired | Total Checkouts | Full call number | Barcode | Date last seen | Copy number | Price effective from | Koha item type |
|---|---|---|---|---|---|---|---|---|---|---|---|---|---|---|---|
| Dewey Decimal Classification | London | London | Journal article | 01/06/2007 | L138384 | 138384-1001 | 06/08/2019 | 1 | 06/08/2019 | Journal article |